000 00758nam a22002297a 4500
003 UA-OsUOA
001 136516
007 ta
008 20190329b un ||||| |||| 00| 0 ukr d
090 _a821.161.2
_bС33
942 _cBK
040 _aUA-OsUOA
_bukr
_cUA-OsUOA
_dUA-OsUOA
245 _aСерця наповнені любов'ю
_bтворчий доробок педагогів Горохівщини
_cупор. Є. Карп'як; гол. ред. С. Політило
300 _a224 с.
955 _a3
041 _aukr
080 _a821.161.2
020 _a978-966-517-884-2
260 _aЛуцьк
_bНадстир'я
_c2018
650 7 _a82 Література. Літературознавство
_2UDC
999 _c409738
_d409738